Elite conflict in a plural society : (Record no. 26053)
[ view plain ]
| 000 -LEADER | |
|---|---|
| fixed length control field | 00813nam a22002651 4500 |
| 001 - CONTROL NUMBER | |
| control field | 26053 |
| 003 - CONTROL NUMBER IDENTIFIER | |
| rucl marc code | BD-RjUL |
| 005 - DATE AND TIME OF LATEST TRANSACTION | |
| control field | 20220823133830.0 |
| 008 - FIXED-LENGTH DATA ELEMENTS--GENERAL INFORMATION | |
| fixed length control field | 140320s1968 caub b 001 0 eng |
| 035 ## - SYSTEM CONTROL NUMBER | |
| System control number | (BD-RjUL)26123 |
| 040 ## - CATALOGING SOURCE | |
| Original cataloging agency | DLC |
| Transcribing agency | DLC |
| Modifying agency | DLC |
| -- | BD-RjUL |
| Language of cataloging | eng |
| 041 ## - LANGUAGE CODE | |
| Language code of text/sound track or separate title | eng |
| 082 00 - DEWEY DECIMAL CLASSIFICATION NUMBER | |
| Classification number | 320.95414 |
| Author mark and year | BRE 1968 |
| 100 1# - MAIN ENTRY--PERSONAL NAME | |
| Personal name | Broomfield, J. H. |
| 9 (RLIN) | 80043 |
| 245 10 - TITLE STATEMENT | |
| Title | Elite conflict in a plural society : |
| Remainder of title | twentieth-century Bengal / |
| Statement of responsibility, etc. | J. H. Broomfield. |
| 260 ## - PUBLICATION, DISTRIBUTION, ETC. (IMPRINT) | |
| Place of publication, distribution, etc. | Berkeley : |
| Name of publisher, distributor, etc. | University of California Press, |
| Date of publication, distribution, etc. | c1968. |
| 300 ## - PHYSICAL DESCRIPTION | |
| Pagination | xv, 349 p. : |
| Illustrations | ill., maps. ; |
| Size | 25 cm. |
| 504 ## - BIBLIOGRAPHY, ETC. NOTE | |
| Bibliography, etc | Includes index. |
| 650 #0 - SUBJECT ADDED ENTRY--TOPICAL TERM | |
| Topical term or geographic name as entry element | Hindus. |
| 9 (RLIN) | 23580 |
| Topical term or geographic name as entry element | Muslims |
| Geographic subdivision | Bengal. |
| 9 (RLIN) | 79866 |
| 651 #0 - SUBJECT ADDED ENTRY--GEOGRAPHIC NAME | |
| Geographic name | Bengal (India) |
| General subdivision | Politics and government. |
| 9 (RLIN) | 80044 |
| 942 ## - ADDED ENTRY ELEMENTS (KOHA) | |
| Source of classification or shelving scheme | Dewey Decimal Classification |
| Koha item type | Books |
| Lost status | Source of classification or shelving scheme | Damaged status | Not for loan | Collection code | Permanent Location | Current Location | Shelving location | Date acquired | Source of acquisition | Cost, normal purchase price | Total Checkouts | Full call number | Date last seen | Copy number | Koha item type | Date checked out |
|---|---|---|---|---|---|---|---|---|---|---|---|---|---|---|---|---|
| Dewey Decimal Classification | Non-fiction | Central Library, University of Rajshahi | Central Library, University of Rajshahi | 02/12/1975 | Gonathan ware & co. | 4.75 | 320.95414 BRE 1968 | 20/03/2014 | C-2 | Books | ||||||
| Dewey Decimal Classification | Non-fiction | Central Library, University of Rajshahi | Central Library, University of Rajshahi | 04/06/1977 | WUS | 4.75 | 1 | 320.95414 BRE 1968 | 27/10/2021 | C-3 | Books | 27/09/2021 | ||||
| Dewey Decimal Classification | Not For Loan | Non-fiction | Central Library, University of Rajshahi | Central Library, University of Rajshahi | Reading Room | 16/05/1974 | O. U. P | 55.00 | 320.95414 BRE 1968 | 20/03/2014 | C-1 | Books | ||||
| Dewey Decimal Classification | Non-fiction | Central Library, University of Rajshahi | Central Library, University of Rajshahi | General Stacks | 04/06/1977 | W. U. S | 320.95414 BRE 1968 | 29/12/2022 | C-4 | Books |